University Home | Library Home | Institutional Repository

Bacteriophages / (Record no. 38708)

MARC details
000 -LEADER
fixed length control field 00835cam8a220024100 4500
001 - CONTROL NUMBER
control field lce00550455
005 - DATE AND TIME OF LATEST TRANSACTION
control field 20190813161936.0
008 - FIXED-LENGTH DATA ELEMENTS--GENERAL INFORMATION
fixed length control field 730116s1959 nyua b 000 0 eng
010 ## - LIBRARY OF CONGRESS CONTROL NUMBER
LC control number 58012722 /L/r92
035 ## - SYSTEM CONTROL NUMBER
System control number (Sirsi) r97449
035 ## - SYSTEM CONTROL NUMBER
System control number (DLC) 58012722 /L/r92
035 ## - SYSTEM CONTROL NUMBER
System control number (UPRA)lce00550455
040 ## - CATALOGING SOURCE
Original cataloging agency DLC
Transcribing agency DLC
Modifying agency DLC
-- UPRA
050 00 - LIBRARY OF CONGRESS CALL NUMBER
Classification number QR185.B4
Item number A3
082 00 - DEWEY DECIMAL CLASSIFICATION NUMBER
Classification number 576.6
100 1# - MAIN ENTRY--PERSONAL NAME
Personal name Adams, Mark Hancock, 1912-1956.
Dates associated with a name Adams, Mark Hancock, 1912-1956.
Linkage A56037.1
245 10 - TITLE STATEMENT
Title Bacteriophages /
Statement of responsibility, etc. with chapters by E.S. Anderson [and others] ; electron micrographs by E. Kellenberger.
260 ## - PUBLICATION, DISTRIBUTION, ETC.
Place of publication, distribution, etc. New York :
Name of publisher, distributor, etc. Interscience Publishers,
Date of publication, distribution, etc. 1959.
504 ## - BIBLIOGRAPHY, ETC. NOTE
Bibliography, etc. note Includes bibliographical references.
650 #0 - SUBJECT ADDED ENTRY--TOPICAL TERM
Topical term or geographic name entry element Bacteriophages.
Linkage S7055.1
949 ## - LOCAL PROCESSING INFORMATION (OCLC)
a QR185.B4
w LC
i -138396
m MEDICAL
t BOOK
l ON-SHELF
Holdings
Withdrawn status Lost status Source of classification or shelving scheme Damaged status Not for loan Home library Current library Shelving location Total Checkouts Full call number Barcode Date last seen Copy number Price effective from Koha item type
    Library of Congress Classification     Medical Library Medical Library On Shelf   QR185.B4 -138396 08/13/2019 1 08/13/2019 Book
© 2026 - The University of Zambia Library - Koha v25.11